000 00482 a2200169 4500
003 OSt
005 20231207155711.0
008 231207b |||||||| |||| 00| 0 eng d
020 _a9788121918534
040 _coclc
082 _a934
_bAGG/A
100 _aAggarwal, J C
_92715
245 _aANCIENT INDIAN HISTORY :
_bfor B A students of history /
_cJ C Aggarwal
260 _bS Chand,
_c2022.
300 _a392p
942 _2ddc
_cBK
_h934
_iAGG/A
_k934
_mAGG/A
999 _c43718
_d43718